000
00299nam a22001337a 4500
008
171214b xxu||||| |||| 00| 0 eng d
020
_a
9781608311255
041
_a
eng
080
_2
10TH
_a
61
100
_a
4
101
_a
SHM
245
_a
Q&A REVIEW FOR NCLEX-RN
_c
BILLINGS,D.M
942
_2
udc
_c
BK
999
_c
38904
_d
38904